000 00352nam a2200145Ia 4500
003 OSt
005 20240304100941.0
008 170524s9999 xx 000 0 und d
020 _a978-9350245996
040 _ciimt university
100 _aChuriawalla SA
245 0 _aFoundation of Advertisg Theory & Practise
260 _aHimalaya
942 _2ddc
_c02
999 _c3119
_d3119